000 00498cam a2200181ua 4500
001 5807
008 131023n ii |||gr||||Z||||||asm
020 _a81-7339-203-X
040 _cMAIN
082 _a954.162
245 _aMoamoria Gana Abbhyutthan :
_bbidruhor Dinlipi /
_cBy Dhruba jyoti Borah .
260 _aGuwahati:
_bBanalata,
_c1998.
_aDibrugarh:
300 _ax,167p.
653 _aHistory
653 _aMoamoria Gana Abbhyutthan
700 _aBorah,Dhrubajyoti,
_eAuthor.
942 _cBK
999 _c4962
_d4962